| 000 | 00821nam a22002657i 4500 | ||
|---|---|---|---|
| 999 |
_c23041 _d23041 |
||
| 003 | AR-CdUCM | ||
| 008 | 240913b20202020 pe||||| |||| 00| 0 spa d | ||
| 020 | _a978-612-319-568-7 | ||
| 040 |
_aMUNICIPALIDAD PROVINCIAL DEL CUSCO _cBIBLIOTECA MUNICIPAL DEL CUSCO |
||
| 041 | _hspa | ||
| 082 |
_a641.86 / P66 _bP66 |
||
| 100 |
_aPlevisani, Sandra _950451 |
||
| 245 | _aCocina en Familia con Sandra Plevisani / | ||
| 260 |
_aLima : _bEditorial Planeta Perú S.A. _c2020 |
||
| 300 |
_a139 páginas . : _c23 cm. |
||
| 505 | _aPanes -- Repostería -- Panes salados -- Panes dulces | ||
| 650 |
_aPizza _950393 |
||
| 650 |
_aAlbaricocada _950394 |
||
| 650 |
_aAlfajor _950395 |
||
| 650 |
_aTorta _950396 |
||
| 650 |
_aGalletas _950397 |
||
| 650 |
_aBizcotelas _950398 |
||
| 942 |
_2ddc _cLIBROS |
||
| 945 |
_apbj _d2024-09-13 |
||